00548 2200205 4500245008000000020002200080250001100102100002300113700001700136700001000153700002300163650001700186005001900203260004100222041001400263084001300277300003200290336000900322338001100331 aRock Lee b : Full Power Ninja Chronicles Vol. 1cKishimoto, MasashihText a978-602-04-7652-0 aCet. 1 aKishimoto, Masashi aTaira, Kenji aNiken aNinuk Sulistyawati aKomik Jepang a20230131115654 aJakartabElex Media Komputindoc2018 aIndonesia a741.5592 a... jil. :bilus. ;c17 cm. atext avolume